Справочник по жилищным вопросам

Dades bibliogràfiques
Autor principal: Шешко Г. Ф. Галина Федоровна
Altres autors: Вишнякова А. В. Алла Вадимовна
Sumari:Исключено из фонда НТБ ТПУ
Idioma:rus
Publicat: Москва, ИНФРА-М, 2008
Format: MixedMaterials Llibre
KOHA link:https://koha.lib.tpu.ru/cgi-bin/koha/opac-detail.pl?biblionumber=156582

MARC

LEADER 00000nam0a2200000 4500
001 156582
005 20231031153241.0
010 |a 9785160034249  |b (ИНФРА-М) (в пер.)  |b 3000 экз.  |b (Контракт) 
010 |a 978-5-98209-047-8 
021 |a RU  |b 08-53737  |9 08-2975 
035 |a (RuTPU)RU\TPU\book\169824 
090 |a 156582 
100 |a 20080808d2008 km y0rusy5002 ca 
101 0 |a rus 
102 |a RU 
105 |a y g 000zy 
200 1 |a Справочник по жилищным вопросам  |f Г. Ф. Шешко, А. В. Вишнякова 
210 |a Москва  |c ИНФРА-М  |c Контракт  |d 2008 
215 |a 253 с. 
333 |a Исключено из фонда НТБ ТПУ 
700 1 |a Шешко  |b Г. Ф.  |g Галина Федоровна 
701 1 |a Вишнякова  |b А. В.  |g Алла Вадимовна 
801 1 |a RU  |b 63413507  |c 20090330  |g PSBO 
801 2 |a RU  |b 63413507  |c 20220621  |g PSBO 
942 |c BK 
959 |a 41/20090326  |d 1  |e 159,90  |f ЧЗСБО:1